| 000 -LEADER |
| fixed length control field |
01469 a2200265 4500 |
| 003 - CONTROL NUMBER IDENTIFIER |
| control field |
Nust |
| 005 - DATE AND TIME OF LATEST TRANSACTION |
| control field |
20230918105105.0 |
| 010 ## - LIBRARY OF CONGRESS CONTROL NUMBER |
| LC control number |
95002742 |
| 020 ## - INTERNATIONAL STANDARD BOOK NUMBER |
| Terms of availability |
0471124877 (acid-free paper) |
| 040 ## - CATALOGING SOURCE |
| Transcribing agency |
Nust |
| 082 00 - DEWEY DECIMAL CLASSIFICATION NUMBER |
| Classification number |
620.0015192,BAL |
| 100 1# - MAIN ENTRY--PERSONAL NAME |
| Personal name |
Balakrishnan, A. V. |
| 9 (RLIN) |
57556 |
| 245 10 - TITLE STATEMENT |
| Title |
Introduction to random processes in engineering / |
| Statement of responsibility, etc. |
A.V. Balakrishnan. |
| 246 30 - VARYING FORM OF TITLE |
| Title proper/short title |
Random processes in engineering |
| 260 ## - PUBLICATION, DISTRIBUTION, ETC. |
| Place of publication, distribution, etc. |
New York : |
| Name of publisher, distributor, etc. |
Wiley, |
| Date of publication, distribution, etc. |
c1995. |
| 300 ## - PHYSICAL DESCRIPTION |
| Extent |
xiii, 402 p. : |
| Other physical details |
ill. ; |
| Dimensions |
25 cm. |
| 505 ## - FORMATTED CONTENTS NOTE |
| Formatted contents note |
Linear Algebra (Page-1), Random Processes: Basic Concepts, Properties (Page-37), Stationary Random Processes: Covariance and Spectrum (Page-63), Response of Linear Systems to Random Inputs: Discrete-Time Models (Page-109), Reswponse of Linear Systems to Random Inputs: Continuous-Time Models (Page-163), Time Averages and the Ergodic Principle (Page-215), Sampling Principles and Inerpolation (Page -249),Simulation of Random Processes (Page-275), Random Fields (Page-297), Linear Filtering Theory (Page-335). |
| 650 #0 - SUBJECT ADDED ENTRY--TOPICAL TERM |
| Topical term or geographic name entry element |
Engineering |
| General subdivision |
Statistical methods. |
| 9 (RLIN) |
129 |
| 650 #0 - SUBJECT ADDED ENTRY--TOPICAL TERM |
| Topical term or geographic name entry element |
Signal processing. |
| 650 #0 - SUBJECT ADDED ENTRY--TOPICAL TERM |
| Topical term or geographic name entry element |
Stochastic processes. |
| 856 42 - ELECTRONIC LOCATION AND ACCESS |
| Materials specified |
Contributor biographical information |
| Uniform Resource Identifier |
<a href="http://www.loc.gov/catdir/bios/wiley047/95002742.html">http://www.loc.gov/catdir/bios/wiley047/95002742.html</a> |
| 856 42 - ELECTRONIC LOCATION AND ACCESS |
| Materials specified |
Publisher description |
| Uniform Resource Identifier |
<a href="http://www.loc.gov/catdir/description/wiley031/95002742.html">http://www.loc.gov/catdir/description/wiley031/95002742.html</a> |
| 856 42 - ELECTRONIC LOCATION AND ACCESS |
| Materials specified |
Table of Contents |
| Uniform Resource Identifier |
<a href="http://www.loc.gov/catdir/toc/onix01/95002742.html">http://www.loc.gov/catdir/toc/onix01/95002742.html</a> |
| 942 ## - ADDED ENTRY ELEMENTS (KOHA) |
| Koha item type |
Reference |
| Source of classification or shelving scheme |
|